01156nam a2200229 i 450000100060000000300090000600500170001500700030003200800410003508000210007610000350009724501160013226000640024830000200031249000410033250502820037353000350065554600830069083000410077385200230081485600890083728983ES-MaACL20230909063104.0t|030120s1891 sp ||||1| spa d a821.134.1-23"18"1 aBalaguer, Víctor,d1824-190110aTragedias b: texto catalán y traducciones en verso castellano por distinguidos poetas / cVíctor Balaguer. aBarcelona : b[s.n.], c1891 (fTipo-Litogr. de Luis Tasso) a2 v. ; c22 cm.1 aObras de Víctor Balaguer ; v28-290 a1. La muerte de Aníbal ; Coriolano ; La sombra de César ; La fiesta de Tíbulo ; La muerte de Nerón. Safo ; La tragedia de Llivia ; La última hora de Colón - 2. El guante del degollado. Los esponsales de la muerta ; Los Pirineos: trilogía precedida de un prólogo aDisponible en formato digital. aTexto en catalán y traducción en castellano; introducción en castellano.1 aObras de Víctor Balaguer ; v28-29 aES-MaACLjB-384-85 uhttp://bdh-rd.bne.es/viewer.vm?id=0000022913&page=1 zBiblioteca Digital Hispánica